000 02126ngm a22002770a 4500
001 PT36190
003 AR-LpoUNG
005 20210202000501.0
007 vd cvaizq
008 191001suuuu||||ag |||||||||||||||||spa d
040 _aAR-LpoUNG
_bspa
_cAR-LpoUNG
_eaacr
041 _aspa
044 _aag
082 0 _a302.5 118jua
100 1 _aFavio, Leonardo
_edir.
245 1 0 _aJuan Moreira
260 _aBuenos Aires :
_bInternational DVD Group,
_c2001.
300 _aDVD (105 min.) : son., col.
505 0 _aHecha en 1972. - En español, subtítulos en inglés y portugués. - Créditos: Guión, Jorge Zuhair Jury y Leonardo Favio según la obra de Eduardo Gutiérrez; producción, Leonardo Favio, Tito Hurovich; producción ejecutiva, Juan Sires; jefe de producción, Alberto Tarantini; asistente de dirección, Rodolfo Mórtola y Tito Faustín; fotografía, Juan Carlos Desanzo; cámara, Carmelo Lobótrico; vestuario, Leonor Puga Sabaté; montaje, Antonio Ripoll; música, Pocho Leyes y Luis María Serra; sonido, Miguel Babuini; asistente de producción, Horacio Labraña; maquillaje, Orlando Viloni y Jorge Bruno; peinados, Leonor Piccone; intérprete de la música, Agrupación Coral Contemporánea; escenografía, Miguel Angel Lumaldo; productor manager, Pepe Parada. - Elenco: Rodolfo Bebán (Juan Moreira), Elcira Olivera Garcés (Vicenta), Edgardo Suárez (Segundo, el compadre), Jorge Villalba (Julián Andrade), Elena Tritek (Laura), Eduardo Rudy (Teniente Alcalde), Alba Mujica (La Muerte), Carlos Muñoz (Dr. Marañón).
520 _aJuan Moreira es encarcelado por reclamar lo que le corresponde, al ser liberado toma justicia por mano propia, y signa definitivamente su destino, comienzan las persecuciones y se suceden las muertes; se suma a las huestes de Alsina y entra en la -política de comité-, traicionado se pasa al bando del Gral. Mitre, en medio de estas luchas políticas, del fraude y de las traiciones, librado a su suerte, sólo le quedará la opción de la muerte.
651 4 _aArgentina
653 _aCINE ARGENTINO
653 _aVIDEOS
905 _a36190
942 _cDVD
999 _c54942
_d54942